How to live with your children /

Αποθηκεύτηκε σε:
Λεπτομέρειες βιβλιογραφικής εγγραφής
Κύριος συγγραφέας: Jackson Miriam
Μορφή: Βιβλίο
Γλώσσα:Vietnamese
Έκδοση: Chicago : The Childs world , 1962
Θέματα:
Ετικέτες: Προσθήκη ετικέτας
Δεν υπάρχουν, Καταχωρήστε ετικέτα πρώτοι!
Thư viện lưu trữ: Thư viện Trường CĐ Kỹ Thuật Cao Thắng
LEADER 00574nam a2200193 a 4500
001 TVCDKTCT3128
003 Thư viện trường Cao đẳng Kỹ thuật Cao Thắng
005 20050915000000
008 050915
980 \ \ |a Thư viện Trường CĐ Kỹ Thuật Cao Thắng 
024 |a RG_1 #1 eb0 i1 
041 0 # |a vie 
082 # # |a 370 /   |b M300J-h 
100 1 # |a Jackson Miriam 
245 0 0 |a How to live with your children /  |c Jackson Miriam 
260 # # |a Chicago :  |b The Childs world ,  |c 1962 
300 # # |a 239tr. ;  |c 24cm 
650 # 4 |a Trẻ em 
650 # 4 |a Giáo dục